000 00285nam a22001337a 4500
008 170908b xxu||||| |||| 00| 0 eng d
020 _a9780316155793
041 _aeng
080 _a91
100 _a42
101 _aDEO
245 _aCOSMIC LANDSCAPE
_cSUSSKIND
942 _2udc
_cBK
999 _c26863
_d26863